1487 1513 1843 1703 1222 1922 1639 1047 1949 1286 1715 1870 1010 1783 1397 1851 1866 1542 1402 1178 1931 1315 1695 1131 1929 1585 1262 1423 1237 1379 1697 1519 1594 1271 1305 1621 1550 1806 1298 1888 1354 1871 1928 1890 1500 1800 1500 1760 1379 1089 1481 1921 1646 1275 1663 1172 1636 1634 1336 1728 1793 1032 1845 1386 1824 1908 1186 1336 1554 1778 1775 1235 1992 1974 1393 1163 1227 1479 1988 1296 1342 1116 1031 1361 1064 1803 1087 1249 1908 1407 1924 1486 1765 1224 1831 1564 1724 1701 1133 BCNSPRNW ULIB Ver.6.0+V

เปลี่ยนเป็นภาษาไทย

Change to English
 แสดงรายละเอียดบรรณานุกรม
  กลับหน้าหลัก

Brief Record : Get Marc (ISO 2709) : E-mail record : QR code < ปิดหน้าต่าง
LEADER : 00000nam 2200000uu 4500
001    13399127498
003     ULIB
008    200617s2562||||th 000 0 tha d
020    ู^a9786168218044
050  0 ^aนว^bธ739ว
100    ^aธุวัฒธรรพ์
245    ^aวารีสีเลือด
250    ^aพิมพ์ครั้งที่ 1
260    ^aกรุงเทพฯ :^bกู๊ด คอนเทนส์,^c2562
300    ^a184 หน้า;^b21 ซม.
650    ^aนวนิยาย
945    ^p179^l0^i28404
999    ^aกัณชพร จุลอักษร
รายการนี้ยังไม่มีแท็ก
คุณยังไม่ได้ล็อกอิน คุณสามารถมีกิจกรรมร่วมกับเว็บไซต์ได้ แต่ต้องล็อกอินก่อน ::
  ล็อกอิน

รายการสื่อสารสนเทศ

ลำดับที่ ประเภท เลขเรียก/บาร์โค้ด สถานที่ สถานะ
1. นวนิยาย
นวนิยาย
นว ธ739ว ฉ.1 
  Barcode: 28404
ห้องสมุดวิทยาเขตนครสวรรค์
►หนังสือทั่วไป:l:General Books
บนชั้น

รายการใกล้เคียง
    ชื่อเรื่อง [วารีสีเลือด]

    ผู้แต่ง [ธุวัฒธรรพ์]

    หัวเรื่อง [นวนิยาย]

BibComment


ยังไม่เคยถูกคอมเมนท์

คอมเมนท์ทรัพยากรรายการนี้
  คอมเมนท์: วารีสีเลือด


 Copyright 2026. Bcnsprnw @Library